Movies in Common III Quiz Stats

Quiz Updated Mar 12, 2013

Challenge
Share
Tweet
Embed
Score 0/39 Timer 05:00
0 Plays Today
% Correct
Apollo 13
93.3%
Caddyshack
90.8%
Edward Scissorhands
90.4%
Pretty Woman
89.4%
Corpse Bride
88.3%
Black Beauty
88.1%
Happy Gilmore
88.1%
Seabiscuit
88%
Beetlejuice
87.8%
Snakes on a Plane
86.9%
Erin Brockovich
86.1%
Ladder 49
84.4%
Rocky II
83.7%
Ali
82.6%
The King's Speech
80.4%
My Best Friend's Wedding
79.5%
Solaris
78.3%
Gone With the Wind
76.6%
Fahrenheit 451
75.9%
Cinderella Man
75.9%
% Correct
Backdraft
73.3%
Traffic
73.1%
The Legend of Bagger Vance
71.9%
Indiana Jones and the Temple of Doom
70.6%
Shaft
69.8%
Trainspotting
69.1%
Braveheart
69%
Spies Like Us
66.3%
Enemy at the Gates
66.1%
Hidalgo
65.2%
Rounders
65%
Jaws
62.7%
Maverick
61.9%
Requiem for a Dream
60.1%
2010
58%
Unbreakable
57.7%
The Cincinnati Kid
56.6%
Harry Potter and the Prisoner of Azkaban
54.1%
Gorky Park
51.5%

You're not logged in!

Compare scores with friends on all Sporcle quizzes.
Sign Up with Email
OR
Log In

You Might Also Like...

Show Comments

Extras

Top Quizzes Today


Score Distribution

Your Account Isn't Verified!

In order to create a playlist on Sporcle, you need to verify the email address you used during registration. Go to your Sporcle Settings to finish the process.